<?xml version="1.0" encoding="UTF-8"?>
<marc:record xmlns:marc="http://www.loc.gov/MARC21/slim">
   <marc:leader>00000nam a2200000 a 4500</marc:leader>
   <marc:datafield ind1="1" ind2=" " tag="100">
      <marc:subfield code="a">Fassbinder, Rainer Werner</marc:subfield>
   </marc:datafield>
   <marc:datafield ind1="0" ind2="0" tag="245">
      <marc:subfield code="a">Angst essen Seele auf DVD 2 [Bildtonträger]</marc:subfield>
   </marc:datafield>
   <marc:datafield ind1="0" ind2="0" tag="245">
      <marc:subfield code="b">Bonusfilm</marc:subfield>
   </marc:datafield>
   <marc:datafield ind1="0" ind2="0" tag="245">
      <marc:subfield code="c">Rainer Werner Fassbinder</marc:subfield>
   </marc:datafield>
   <marc:datafield ind1=" " ind2="1" tag="264">
      <marc:subfield code="b">EMS GmbH</marc:subfield>
      <marc:subfield code="c">2002</marc:subfield>
   </marc:datafield>
   <marc:datafield ind1="1" ind2=" " tag="520">
      <marc:subfield code="a">Auf der zweiten Disc findet sich mit dem selten gezeigten Kurzfilm Das kleine Chaos ein weiteres Juwel. Abgesehen von seiner äußerst amüsanten Pointe bezieht er seinen Charme vor allem aus seiner Direktheit. Wie die Kurzfilme von Rudolf Thome und den Münchner Regisseuren der späten 60er-Jahre vermittelt auch Das kleine Chaos einen ziemlich guten Eindruck von den filmischen Energien und Kräften, die damals in der bayerischen Metropole wirkten. Die außerdem auf der zweiten Disc enthaltene Doku Rainer Werner Fassbinder, 1977 ist im Umfeld der Dreharbeiten zu Despair entstanden und verrät einige interessante Details über den Dreh und Fassbinders Ideen zu dieser großen internationalen Produktion.</marc:subfield>
   </marc:datafield>
   <marc:datafield ind1=" " ind2=" " tag="500">
      <marc:subfield code="a">Sprache: Deutsch (Dolby Digital 2.0), Deutsch (Mono), Italienisch (Dolby Digital 2.0), Italienisch (Mono). Untertitel: Englisch</marc:subfield>
   </marc:datafield>
   <marc:datafield ind1="0" ind2=" " tag="490">
      <marc:subfield code="v">0</marc:subfield>
   </marc:datafield>
   <marc:datafield ind1=" " ind2=" " tag="300">
      <marc:subfield code="a">1 DVD: farbig</marc:subfield>
   </marc:datafield>
</marc:record>
